000 01210nam0a22002531 4500
001 rc\3150263
005 20260407091312.0
021 _aRU
_b75-29950
035 _a(NLR Aleph) 007279913
090 _a5498377
_c5498377
100 _a20120615d1975 |||y0rusy50 ca
101 0 _arus
102 _aRU
105 _aa z |||||
200 1 _aРекомендации по повышению производительности труда при транспортировке горной массы в подземных условиях
_fМ-во высш. и сред. спец. образ. РСФСР. Свердл. горный ин-т им. В.В. Вахрушева. Комбинат "Ачполиметалл", Свердл. территор. правл. Науч.-техн. горного о-ва
210 _aСвердловск
_cБ. и.
_d1975
215 _a125 с., 2 отд. л. схем.
_cил.
_d20
320 _aБиблиогр.: с. 123-124
712 0 2 _aСвердловский горный институт им. В. В. Вахрушева
_9305365
_3RU\NLR\AUTH\8816120
801 0 _aRU
_bNLR
_gpsbo
801 1 _aRU
_bELAR
_2rusmarc
852 _aNLR
_j75-3/4131
942 _cBOOK
980 _aNB